Japanese new religions in the west
Na minha lista:
| Main Authors: | , |
|---|---|
| Formato: | Livro |
| Idioma: | inglês |
| Publicado em: |
Kent
Japan Library
1994
|
| Assuntos: | |
| Tags: |
Adicionar Tag
Sem tags, seja o primeiro a adicionar uma tag!
|
MARC
| LEADER | 00000nam a2200000 a 4500 | ||
|---|---|---|---|
| 001 | UCI1527 | ||
| 003 | CL-VaPUC | ||
| 008 | 070706e19940000uk |||||||||||||||||eng|d | ||
| 020 | |a 1873410247 | ||
| 082 | 0 | 4 | |a 299.56 |b CLA |2 21 |
| 100 | 0 | |a Clarke, Peter B |e author |9 522089 | |
| 700 | 0 | |a Somers, Jeffrey |e author |9 522090 | |
| 245 | 1 | 0 | |a Japanese new religions in the west |
| 300 | |a 167 p | ||
| 942 | |c BK | ||
| 945 | |d 20070706 00:00:00 |a rbrito | ||
| 260 | |a Kent |b Japan Library |c 1994 | ||
| 650 | 7 | |a BUDISMO |2 CL-VaPUC |9 522091 | |
| 650 | 0 | |a Religión |9 255164 | |
| 650 | 7 | |a CULTURAS CENTROASIATICAS |2 CL-VaPUC |9 349303 | |
| 650 | 7 | |a BUDISTAS |2 CL-VaPUC |9 522092 | |
| 650 | 0 | |a Personas no religiosas |9 349308 | |
| 583 | |a last modification |c 20171116 12:51:16 |k Rodrigo Vera | ||
| 999 | |c 326330 |d 326328 | ||
| 952 | |0 0 |1 0 |4 0 |6 299_560000000000000_CLA_1994 |7 0 |8 A |9 408176 |a BIBGIM |b BIBGIM |d 2019-11-22 |i 4212371 |o 299.56 CLA 1994 |p 4212371 |r 2025-01-15 |w 2019-11-22 |y BK |k ORI | ||